000 00667nam a2200253Ia 4500
003 OSt
005 20220924132119.0
006 a|||||r|||| 00| 0
007 ta
008 220923b |||||||| |||| 00| 0 san d
024 _a13397
037 _cTextual
040 _aARTS
_cARTS
_bsan
041 _2san
_asan
082 _a/\2:864, 15H22
100 _aMadhavacarya
245 0 _aKamadhavakarika with Vivarana of Bhatta Vaidyanathasuri
260 _c1942
300 _a48
_ccm.
490 _aAnandasrama sanskrit granthavali
650 _aSPIRurdALISM
942 _h/\2:864, 15H22
_cTEXL
_2CC
999 _c429291
_d429291